Statistics for Avengers Members by Picture

Click here to take the quiz!

General Stats

  • This quiz has been taken 84 times
  • The average score is 24 of 36

Answer Stats

Answer% Correct
Ant-Man
100%
Hulk
100%
Iron Man
100%
Thor
100%
Black Panther
99%
Captain America
99%
Spider-Man
99%
Black Widow
96%
Captain Marvel
96%
Hawkeye
96%
Doctor Strange
94%
Scarlet Witch
94%
Wasp
94%
Vision
93%
Falcon
88%
Wolverine
88%
She-Hulk
86%
Winter Soldier
85%
Ms. Marvel
81%
War Machine
79%
Quicksilver
74%
Spider-Woman
53%
Valkyrie
39%
Hercules
35%
Spectrum
35%
Black Knight
30%
Tigra
30%
Sentry
29%
Swordsman
29%
Mockingbird
25%
Wonder Man
25%
Starfox
21%
Stingray
19%
Quasar
18%
Sersi
18%
Jocasta
16%

Score Distribution

Percentile by Number Answered

Percent of People with Each Score

Your Score History

You have not taken this quiz